000 01088cam a2200313 a 4500
001 1198951
003 OSt
005 20260121115008.0
008 980616s1999 cau b 001 0 eng
010 _a 98029815
020 _a053434643X
_qpbk.
035 _a1198951
040 _aDLC
_cDLC
_dDLC
050 0 0 _aRJ499
_b.K38 1999
082 0 0 _a618.92/89
_221
100 1 _aKearney, Christopher A.
245 1 0 _aCasebook in child behavior disorders /
_cChristopher A. Kearney.
260 _aBelmont, Calif. :
_bBrooks/Cole-Wadsworth,
_cc1999.
300 _axii, 226 p. ;
_c23 cm.
336 _atext
_btxt
_2rdacontent
337 _aunmediated
_bn
_2rdamedia
338 _avolume
_bnc
_2rdacarrier
504 _aIncludes bibliographical references and index.
650 0 _aChild psychopathology
_xCase studies.
906 _a7
_bcbc
_corignew
_d1
_eocip
_f19
_gy-gencatlg
942 _2lcc
_cBK
999 _c265727
_d265726